O problema sacerdotal no Brasil / (Record no. 176998)
[ view plain ]
| 000 -LEADER | |
|---|---|
| campo de control de longitud fija | 01184nam a22002775i 4500 |
| 001 - NÚMERO DE CONTROL | |
| campo de control | 176998 |
| 003 - IDENTIFICADOR DE NÚMERO DE CONTROL | |
| campo de control | ES-MaACL |
| 005 - FECHA Y HORA DE LA ÚLTIMA TRANSACCIÓN | |
| campo de control | 20230906220229.0 |
| 008 - DATOS DE LONGITUD FIJA--INFORMACIÓN GENERAL | |
| campo de control de longitud fija | 110223s1965 be |||| | por d |
| 080 ## - NÚMERO DE LA CLASIFICACIÓN DECIMAL UNIVERSAL | |
| Número de la Clasificación Decimal Universal | 27-726.3(81) |
| 100 1# - ENTRADA PRINCIPAL--NOMBRE DE PERSONA | |
| Nombre de persona | Pérez Ramírez, Gustavo. |
| 9 (RLIN) | 145314 |
| 245 12 - MENCIÓN DEL TÍTULO | |
| Título | O problema sacerdotal no Brasil / |
| Mención de responsabilidad, etc. | Gustavo Pérez, Alfonso Gregory e François Lepargneur ; traduçao dos textos en espanhol e francês e revisao do texto en português por María Helena Montezuma Pohle. |
| 260 ## - PUBLICACIÓN, DISTRIBUCIÓN, ETC. | |
| Lugar de publicación, distribución, etc. | Bruselas : |
| Nombre del editor, distribuidor, etc. | [Oficina Internacional de Investigaciones Sociales de] Feres, |
| Fecha de publicación, distribución, etc. | 1965. |
| 300 ## - DESCRIPCIÓN FÍSICA | |
| Extensión | 205 p. , [7] h. pleg. ; |
| Dimensiones | 22 cm. |
| 490 1# - MENCIÓN DE SERIE | |
| Mención de serie | Estudos socio-religiosos latino-americanos ; |
| Designación de volumen o secuencia | 17 |
| 504 ## - NOTA DE BIBLIOGRAFÍA, ETC. | |
| Nota de bibliografía, etc. | Bibliografía: p. 161-163. |
| 546 ## - NOTA DE IDIOMA | |
| Nota de lengua/lenguaje | Texto en portugués. |
| 650 #4 - PUNTO DE ACCESO ADICIONAL DE MATERIA--TÉRMINO DE MATERIA | |
| Término de materia o nombre geográfico como elemento de entrada | Sacerdotes- |
| Subdivisión geográfica | Brasil. |
| 9 (RLIN) | 145343 |
| 700 1# - ENTRADA AGREGADA--NOMBRE PERSONAL | |
| Nombre de persona | Gregory, Alfonso. |
| 9 (RLIN) | 59914 |
| 700 1# - ENTRADA AGREGADA--NOMBRE PERSONAL | |
| Nombre de persona | Lepargneur, François. |
| 9 (RLIN) | 145342 |
| 700 1# - ENTRADA AGREGADA--NOMBRE PERSONAL | |
| Nombre de persona | Pohle, María Helena. |
| 9 (RLIN) | 145344 |
| 710 2# - ENTRADA AGREGADA--NOMBRE DE ENTIDAD CORPORATIVA | |
| Nombre de entidad corporativa o nombre de jurisdicción como elemento de entrada | Oficina Internacional de Investigaciones Sociales. |
| 9 (RLIN) | 172476 |
| 830 1# - PUNTO DE ACCESO ADICIONAL DE SERIE-TÍTULO UNIFORME | |
| Título uniforme | Estudos socio-religiosos latino-americanos ; |
| Designación de volumen o secuencia | 17 |
| 9 (RLIN) | 224121 |
| 852 ## - LOCALIZACIÓN | |
| Ubicación | ES-MaACL |
| Número de control de estantería | E-14414 |
| Encuadernación | Olim P-1014-bis |
| Estatus retirado | Estado de pérdida | Estado de daño | No para préstamo | Biblioteca de origen | Biblioteca actual | Ubicación en estantería | Fecha de adquisición | Fuente de adquisición | Total de préstamos | Signatura topográfica completa | Código de barras | Visto por última vez | Precio de reemplazo | Tipo de ítem Koha |
|---|---|---|---|---|---|---|---|---|---|---|---|---|---|---|
| Biblioteca del Ateneo de Madrid | Biblioteca del Ateneo de Madrid | Depósito 2 | 23/02/2011 | E-14414 | 1185899 | 23/02/2023 | 23/02/2023 | Libro impreso |
